000 00200 a2200085 4500
020 _a‎ 9781465450951
100 _a DK
245 _aArtist's Painting Techniques: Explore Watercolors
260 _bDK
_c2016
999 _c13237
_d13237